000 00267nam a2200097Ia 4500
001 646766
005 20250826153649.0
008 250824s9999 xx 000 0 und d
245 0 _aLEVENT TÜRKİYEYİ GEZİYORUM 11 EDİRNE DE
_cMUSTAFA ORAKÇI
260 _bTİMAŞ ÇOCUK
999 _c646766
_d646766